| 000 | 00977nam a2200241 a 4500 | ||
|---|---|---|---|
| 001 | 74244 | ||
| 003 | BD-RjUL | ||
| 005 | 20211209082524.0 | ||
| 008 | 180412s2014 bg ||||| b||| 00| 0 ben d | ||
| 020 |
_a9789842003349 _cTk.550.00 |
||
| 035 | _a(BD-RjUL)74462 | ||
| 040 |
_aBD-RjUL _beng _cBD-RjUL |
||
| 041 | _aben | ||
| 082 |
_223 _a891.4409 _bSAR 2014 |
||
| 100 | 1 |
_aসাঈদ, শামসুল আলম _9221134 |
|
| 245 | 1 | 0 |
_aরবীন্দ্রনাথ মুসলমানচিন্তা / _cশামসুল আলম সাঈদ, |
| 260 |
_aঢাকা : _bঅ্যাদন পাবলিকেশন , _c২০১৪ |
||
| 300 |
_a২৭২ পৃ. ; _c২২ সেমি. |
||
| 504 | _aগ্র্থপঞ্জি সংযোজিত | ||
| 650 |
_aবাংলা সাহিত্য _vইতিহাস এবং সমালোচনা _9221135 |
||
| 650 |
_aBengali Literature _vHistory and criticism _9221136 |
||
| 942 |
_2ddc _cBK |
||
| 999 |
_c74244 _d74244 |
||